English 8: texto para el estudiante
Guardat en:
| Autor principal: | |
|---|---|
| Format: | Llibre |
| Idioma: | anglès |
| Publicat: |
Santiago
Ministerio de Educación
2004
|
| Edició: | 1a. ed |
| Matèries: | |
| Etiquetes: |
Afegir etiqueta
Sense etiquetes, Sigues el primer a etiquetar aquest registre!
|
MARC
| LEADER | 00000nam a2200000 a 4500 | ||
|---|---|---|---|
| 001 | UCK6297 | ||
| 003 | CL-VaPUC | ||
| 008 | 050916e20040000CL |||||||||||||||||eng|d | ||
| 020 | |a 9561508559 | ||
| 082 | 0 | 4 | |a 372.6521 |b MON |2 21 |
| 100 | |a Montes Molina, Carmen Cecilia |e autora |9 611963 | ||
| 245 | 1 | 0 | |a English 8: texto para el estudiante |
| 250 | |a 1a. ed | ||
| 300 | |a 96 p | ||
| 942 | |c BK | ||
| 945 | |d 20050916 00:00:00 |a cmena | ||
| 260 | |a Santiago |b Ministerio de Educación |c 2004 | ||
| 650 | 0 | |a Educación lingüística |9 306506 | |
| 650 | 0 | |a Enseñanza de idiomas |9 339820 | |
| 650 | 0 | |a Inglés |9 260023 | |
| 650 | 0 | |a Educación básica |9 224933 | |
| 650 | 0 | |a Métodos de enseñanza |9 270413 | |
| 650 | 0 | |a Libros de texto |9 270019 | |
| 583 | |a last modification |c 20050916 00:00:00 |k Rodrigo Vera | ||
| 999 | |c 314595 |d 314593 | ||
| 952 | |0 0 |1 0 |4 0 |6 372_652100000000000_MON_2004 |7 0 |8 P |9 387068 |a BIBEDU |b BIBEDU |c BIBEDU_PB |d 2019-11-22 |i 4168127 |o 372.6521 MON 2004 |p 4168127 |r 2024-01-25 |w 2019-11-22 |y BK |k EBA | ||